000 00385 a2200145 4500
005 20250616172336.0
020 _a978-1-119-13779-5
082 _a004.16 MUI
100 _aMUIR, N. C.
245 _aIpad for Seniors for Dummies.
250 _a8thEd.
260 _aHoboken,
_bJohn Wiley & Son,
_c2016.
300 _a432p.:Ill.; figures, picture & tables,
_bIndex
_c23cm.
942 _2ddc
_cBKS
999 _c150
_d150